[Event "IECC CL5-2015.03 email"]
[Site "IECC email"]
[Date "2015.06.18"]
[Round "?"]
[White "Melo, Olavo"]
[Black "Baity, Tony"]
[Result "0-1"]
[WhiteElo "1595"]
[BlackElo "1422"]
[PlyCount "38"]
[EventDate "2015.??.??"]
[EventType "tourn (corr)"]
[EventRounds "4"]
[SourceTitle "Corr 2020"]
[Source "ChessBase"]
[SourceDate "2019.09.30"]
[SourceVersion "1"]
[SourceVersionDate "2019.09.30"]
[SourceQuality "1"]
[WhiteTeam "Brazil"]
[BlackTeam "United States"]
[WhiteTeamCountry "BRA"]
[BlackTeamCountry "USA"]

1. d4 d5 2. c4 Nf6 3. Nf3 e6 4. g3 Be7 5. Bg2 0-0 6. 0-0 c6 7. Nbd2 Nbd7 8. Qc2 b6 9. e4 Bb7 10. e5 Ne8 11. cxd5 cxd5 12. Re1 Rc8 13. Qa4 a5 14. Bf1 Bc6 15. Qd1 Nc7 16. Bd3 Bb5 17. Bb1 Ba6 18. Qa4 Bb5 19. Nf1 Bxa4 0-1

[Event "IECC O-3065"]
[Site "IECC email"]
[Date "2009.12.01"]
[Round "?"]
[White "Melo, Olavo"]
[Black "Santos, Sebastiao"]
[Result "1/2-1/2"]
[WhiteElo "1644"]
[BlackElo "1690"]
[PlyCount "52"]
[EventDate "2009.??.??"]
[EventType "swiss (corr)"]
[EventRounds "2"]
[SourceTitle "Telechess CBM 137"]
[Source "ChessBase"]
[SourceDate "2010.07.15"]
[SourceVersion "1"]
[SourceVersionDate "2010.07.15"]
[SourceQuality "1"]
[WhiteTeam "Brazil"]
[BlackTeam "Spain"]
[WhiteTeamCountry "BRA"]
[BlackTeamCountry "ESP"]

1. d4 Nf6 2. c4 e6 3. Nc3 Bb4 4. Qc2 0-0 5. a3 Bxc3+ 6. Qxc3 b6 7. Bg5 Bb7 8. f3 h6 9. Bh4 d5 10. e3 Nbd7 11. cxd5 Nxd5 12. Bxd8 Nxc3 13. Bh4 Nd5 14. Bf2 c5 15. e4 Ne7 16. Bb5 Bc6 17. Bxc6 Nxc6 18. Ne2 cxd4 19. Nxd4 Nxd4 20. Bxd4 Rac8 21. 0-0 e5 22. Be3 Rc2 23. Rf2 Rfc8 24. Rd1 Nf8 25. Rxc2 Rxc2 26. Rd2 Rc7 1/2-1/2

[Event "IECC CL5-2007.17 email"]
[Site "IECC email"]
[Date "2007.11.12"]
[Round "?"]
[White "Huntley, Theron"]
[Black "Melo, Olavo"]
[Result "1/2-1/2"]
[WhiteElo "1531"]
[BlackElo "1527"]
[PlyCount "121"]
[EventDate "2007.??.??"]
[EventType "tourn (corr)"]
[EventRounds "4"]
[SourceTitle "Corr 2015"]
[Source "ChessBase"]
[SourceDate "2015.07.17"]
[SourceVersion "1"]
[SourceVersionDate "2015.07.17"]
[SourceQuality "1"]
[WhiteTeam "US of America"]
[BlackTeam "Brazil"]
[WhiteTeamCountry "USA"]
[BlackTeamCountry "BRA"]

1. c4 c5 2. Nf3 Nf6 3. Nc3 Nc6 4. d4 cxd4 5. Nxd4 Qb6 6. Nb3 e6 7. g3 Ne5 8. e4 Bb4 9. Qe2 d6 10. Bd2 0-0 11. 0-0-0 Bd7 12. Bg5 Bxc3 13. Bxf6 gxf6 14. bxc3 Ba4 15. f4 Nd7 16. Kc2 Nc5 17. Rb1 Nxe4 18. Bg2 Nc5 19. h4 Rac8 20. Rb2 Nxb3 21. axb3 Bc6 22. h5 Bxg2 23. Qxg2 Qc6 24. Qxc6 Rxc6 25. Kd3 Rfc8 26. Rc2 f5 27. Ra1 a6 28. h6 Kh8 29. Rg1 Rg8 30. Rcg2 Rg4 31. b4 Kg8 32. Ra2 Kf8 33. Rag2 Ke7 34. Rb2 Kd7 35. Rgg2 Rc8 36. c5 dxc5 37. bxc5 Kc7 38. Rb6 Rcg8 39. Rgb2 Rxg3+ 40. Kc4 Rb8 41. c6 Rf3 42. Rxb7+ Rxb7 43. cxb7 Kb8 44. Kc5 Rxc3+ 45. Kb6 Rc7 46. Kxa6 Rc6+ 47. Ka5 f6 48. Rb5 e5 49. fxe5 f4 50. Rd5 Kxb7 51. Kb5 Kc7 52. exf6 Rxf6 53. Rd1 f3 54. Kc4 Rxh6 55. Rf1 Kd6 56. Rxf3 Ke5 57. Kd3 Rh2 58. Ke3 Rh4 59. Ke2 Ke4 60. Rf7 Rh2+ 61. Kf1 1/2-1/2

[Event "IECC CL5-2007.17 email"]
[Site "IECC email"]
[Date "2007.11.12"]
[Round "?"]
[White "Melo, Olavo"]
[Black "Brown, Tony R"]
[Result "1-0"]
[WhiteElo "1514"]
[BlackElo "1466"]
[PlyCount "41"]
[EventDate "2007.??.??"]
[EventType "tourn (corr)"]
[EventRounds "4"]
[SourceTitle "Corr 2011"]
[Source "ChessBase"]
[SourceDate "2010.08.31"]
[SourceVersion "1"]
[SourceVersionDate "2010.08.31"]
[SourceQuality "1"]
[WhiteTeam "Italy"]
[BlackTeam "Chile"]
[WhiteTeamCountry "ITA"]
[BlackTeamCountry "CHI"]

1. Nf3 Nf6 2. c4 b6 3. g3 Bb7 4. Bg2 e6 5. d4 c5 6. 0-0 cxd4 7. Qxd4 Bc5 8. Qf4 d6 9. Nc3 0-0 10. Rd1 Qe7 11. a3 a5 12. Qh4 Nbd7 13. Bf4 h6 14. Nb5 g5 15. Nxg5 Bxg2 16. Kxg2 e5 17. Bd2 hxg5 18. Qxg5+ Kh7 19. Qh4+ Kg6 20. Qh6+ Kf5 21. Qg5+ 1-0

[Event "IECC KO-2083"]
[Site "IECC email"]
[Date "2007.03.27"]
[Round "?"]
[White "Melo, Olavo"]
[Black "Goggin, Donald"]
[Result "1-0"]
[WhiteElo "1506"]
[BlackElo "1328"]
[PlyCount "25"]
[EventDate "2006.??.??"]
[EventType "match (corr)"]
[EventRounds "2"]
[SourceTitle "Corr 2020"]
[Source "ChessBase"]
[SourceDate "2019.09.30"]
[SourceVersion "1"]
[SourceVersionDate "2019.09.30"]
[SourceQuality "1"]
[WhiteTeam "Brazil"]
[BlackTeam "United States"]
[WhiteTeamCountry "BRA"]
[BlackTeamCountry "USA"]

1. Nf3 d5 2. c4 e6 3. g3 Nf6 4. Bg2 Be7 5. 0-0 0-0 6. d4 b6 7. Nc3 c5 8. Ne5 dxc4 9. Bxa8 cxd4 10. Nb5 Bc5 11. Nxc4 e5 12. Bg2 Qd7 13. Nba3 1-0

[Event "IECC M-5548"]
[Site "IECC email"]
[Date "2006.09.15"]
[Round "?"]
[White "Melo, Olavo"]
[Black "Selva, Joao Carlos"]
[Result "1-0"]
[WhiteElo "1474"]
[BlackElo "1000"]
[PlyCount "37"]
[EventDate "2006.??.??"]
[EventType "tourn (corr)"]
[EventRounds "10"]
[SourceTitle "Corr 2020"]
[Source "ChessBase"]
[SourceDate "2019.09.30"]
[SourceVersion "1"]
[SourceVersionDate "2019.09.30"]
[SourceQuality "1"]
[WhiteTeam "Brazil"]
[BlackTeam "Brazil"]
[WhiteTeamCountry "BRA"]
[BlackTeamCountry "BRA"]

1. d4 d5 2. c4 e5 3. dxe5 d4 4. Nf3 Nc6 5. g3 Be6 6. Nbd2 Qd7 7. a3 0-0-0 8. b4 a6 9. Qa4 Nxe5 10. Qxd7+ Rxd7 11. Nxe5 Rd8 12. Bb2 c5 13. Nd3 g6 14. Nxc5 Bg7 15. Bg2 b5 16. cxb5 axb5 17. Rc1 Kb8 18. Nxe6 fxe6 19. Rc5 1-0

[Event "IECC KO-2059"]
[Site "IECC email"]
[Date "2005.03.03"]
[Round "?"]
[White "Cuomo, Salvatore"]
[Black "Melo, Olavo"]
[Result "0-1"]
[WhiteElo "1461"]
[BlackElo "1501"]
[PlyCount "42"]
[EventDate "2004.??.??"]
[EventType "match (corr)"]
[EventRounds "2"]
[SourceTitle "Corr 2020"]
[Source "ChessBase"]
[SourceDate "2019.09.30"]
[SourceVersion "1"]
[SourceVersionDate "2019.09.30"]
[SourceQuality "1"]
[WhiteTeam "Italy"]
[BlackTeam "Brazil"]
[WhiteTeamCountry "ITA"]
[BlackTeamCountry "BRA"]

1. e4 e5 2. Nf3 Nc6 3. Bb5 a6 4. Bxc6 dxc6 5. 0-0 f6 6. d4 Bg4 7. dxe5 Qxd1 8. Rxd1 fxe5 9. Rd3 Bd6 10. Nbd2 Nf6 11. b3 0-0 12. Bb2 Rae8 13. Re1 b5 14. h3 Bd7 15. c4 c5 16. a4 bxa4 17. bxa4 Bxa4 18. Ra3 Bc6 19. Rxa6 Bb7 20. Ra5 Nd7 21. Ra7 Rb8 0-1

[Event "IECC KO-2059"]
[Site "IECC email"]
[Date "2005.01.03"]
[Round "?"]
[White "Basson, Heinrich"]
[Black "Melo, Olavo"]
[Result "1/2-1/2"]
[WhiteElo "1669"]
[BlackElo "1486"]
[PlyCount "36"]
[EventDate "2004.??.??"]
[EventType "match (corr)"]
[EventRounds "2"]
[SourceTitle "Corr 2020"]
[Source "ChessBase"]
[SourceDate "2019.09.30"]
[SourceVersion "1"]
[SourceVersionDate "2019.09.30"]
[SourceQuality "1"]
[WhiteTeam "South Africa"]
[BlackTeam "Brazil"]
[WhiteTeamCountry "RSA"]
[BlackTeamCountry "BRA"]

1. e4 e5 2. Nf3 Nc6 3. Nc3 Nf6 4. Bb5 Bb4 5. 0-0 0-0 6. a3 Ba5 7. d3 d6 8. Bg5 Bg4 9. Bxf6 Qxf6 10. Nd5 Qd8 11. Bxc6 bxc6 12. Ne3 Bh5 13. Nf5 Bb6 14. Ng3 Bg4 15. h3 Bd7 16. Qd2 Qf6 17. Qg5 Qxg5 18. Nxg5 Rab8 1/2-1/2

[Event "IECC CL5-2004.23 email"]
[Site "IECC email"]
[Date "2004.09.03"]
[Round "?"]
[White "Melo, Olavo"]
[Black "Dobrzycki, Tomasz"]
[Result "1-0"]
[WhiteElo "1467"]
[BlackElo "1540"]
[PlyCount "89"]
[EventDate "2004.??.??"]
[EventType "tourn (corr)"]
[EventRounds "4"]
[SourceTitle "Corr 2008"]
[Source "ChessBase"]
[SourceDate "2008.06.24"]
[SourceVersion "1"]
[SourceVersionDate "2008.06.24"]
[SourceQuality "1"]

1. d4 e6 2. c4 Nf6 3. Nc3 b6 4. a3 Bb7 5. Nf3 Be7 6. d5 exd5 7. cxd5 0-0 8. e4 Re8 9. Bd3 Bf8 10. 0-0 d6 11. Re1 Nbd7 12. Nd4 Nc5 13. Bb5 Re5 14. Qf3 Nxd5 15. Nxd5 Bxd5 16. Bc6 Bxe4 17. Bxe4 Qe8 18. Bxh7+ Kxh7 19. Bd2 Rc8 20. Nc6 Re4 21. b4 Qxc6 22. Qf5+ Kg8 23. Qxc8 Rxe1+ 24. Rxe1 Ne6 25. Rxe6 fxe6 26. Qxe6+ Kh8 27. h4 Qc2 28. Bg5 Qc3 29. Qf7 Qa1+ 30. Kh2 Qxa3 31. Qxf8+ Kh7 32. Qf5+ Kg8 33. b5 Qc3 34. h5 Qc4 35. h6 Qe2 36. Qg6 Qe5+ 37. f4 Qd4 38. Qxg7+ Qxg7 39. hxg7 Kxg7 40. Bd8 d5 41. Bxc7 Kf7 42. Bb8 d4 43. Kg3 Ke6 44. Bxa7 Kd5 45. Bxb6 1-0

[Event "IECC CL5-2004.21 email"]
[Site "IECC email"]
[Date "2004.08.17"]
[Round "?"]
[White "Melo, Olavo"]
[Black "Jewell, Barry"]
[Result "1/2-1/2"]
[WhiteElo "1421"]
[BlackElo "1493"]
[PlyCount "54"]
[EventDate "2004.??.??"]
[EventType "tourn (corr)"]
[EventRounds "4"]
[SourceTitle "Corr 2008"]
[Source "ChessBase"]
[SourceDate "2008.06.24"]
[SourceVersion "1"]
[SourceVersionDate "2008.06.24"]
[SourceQuality "1"]

1. d4 Nf6 2. c4 e6 3. Nf3 b6 4. g3 Bb7 5. Bg2 Be7 6. 0-0 0-0 7. Nc3 d5 8. Ne5 Na6 9. b3 c5 10. Bb2 cxd4 11. Qxd4 Bc5 12. Qh4 Qc7 13. Nb5 Qe7 14. Rfd1 Nb4 15. Nd4 Bxd4 16. Bxd4 Rfe8 17. Rd2 dxc4 18. Nxc4 Bxg2 19. Bxf6 Qxf6 20. Qxf6 gxf6 21. Kxg2 Red8 22. Rad1 Nc6 23. Kf3 Rxd2 24. Rxd2 b5 25. Ne3 a5 26. Rd6 Rc8 27. Rd2 Kg7 1/2-1/2

[Event "IECC KO-2059"]
[Site "IECC email"]
[Date "2004.07.09"]
[Round "?"]
[White "Ghikas, Athanassios"]
[Black "Melo, Olavo"]
[Result "0-1"]
[WhiteElo "1306"]
[BlackElo "1420"]
[PlyCount "50"]
[EventDate "2004.??.??"]
[EventType "match (corr)"]
[EventRounds "2"]
[SourceTitle "Corr 2020"]
[Source "ChessBase"]
[SourceDate "2019.09.30"]
[SourceVersion "1"]
[SourceVersionDate "2019.09.30"]
[SourceQuality "1"]
[WhiteTeam "Greece"]
[BlackTeam "Brazil"]
[WhiteTeamCountry "GRE"]
[BlackTeamCountry "BRA"]

1. c4 c5 2. Nf3 Nc6 3. e3 g6 4. a3 Bg7 5. Ra2 d5 6. b3 Nf6 7. Bb2 0-0 8. Qc2 Bf5 9. Bd3 Bxd3 10. Qxd3 dxc4 11. Qxc4 Qb6 12. d4 cxd4 13. Nxd4 Rac8 14. Ke2 Ne5 15. Qa4 Nfd7 16. b4 Rc7 17. f4 Nc6 18. Nb5 Rcc8 19. N1c3 a6 20. Nd4 Nxd4+ 21. exd4 Qxd4 22. b5 Rc4 23. Rd1 Rxa4 24. Rxd4 Rxd4 25. Bc1 Rc8 0-1

[Event "IECC CL6-2003.11 email"]
[Site "IECC email"]
[Date "2003.05.22"]
[Round "?"]
[White "Jordaan, Wayne"]
[Black "Melo, Olavo"]
[Result "0-1"]
[WhiteElo "1688"]
[BlackElo "1295"]
[PlyCount "125"]
[EventDate "2003.??.??"]
[EventType "tourn (corr)"]
[EventRounds "4"]
[SourceTitle "Corr 2008"]
[Source "ChessBase"]
[SourceDate "2008.06.24"]
[SourceVersion "1"]
[SourceVersionDate "2008.06.24"]
[SourceQuality "1"]

1. d4 Nf6 2. Nf3 g6 3. Bg5 Bg7 4. c3 d6 5. Nbd2 Bg4 6. e4 Nbd7 7. h3 Bxf3 8. Qxf3 c6 9. Bc4 Qa5 10. Bf4 e5 11. Be3 0-0 12. 0-0 Rad8 13. Bb3 d5 14. exd5 cxd5 15. Rfe1 e4 16. Qf4 Nh5 17. Qh4 f5 18. Bg5 Bf6 19. g4 Ng7 20. Rad1 Bxg5 21. Qxg5 Ne6 22. Qh6 Nf6 23. gxf5 gxf5 24. Kh1 Qc7 25. Rg1+ Kh8 26. Bc2 Qf4 27. Rg6 Qxh6 28. Rxh6 Kg7 29. Rh4 h5 30. Nf1 f4 31. Nh2 Rg8 32. Rg1+ Kf7 33. Re1 Kg6 34. Nf3 Kh6 35. c4 exf3 36. Rxe6 Kg5 37. Rxf4 Kxf4 38. Rxf6+ Kg5 39. Rf5+ Kh4 40. Rf4+ Kg5 41. Rf5+ Kh6 42. cxd5 Rc8 43. Rf6+ Kg7 44. Rg6+ Kf7 45. Rxg8 Kxg8 46. Be4 Rc1+ 47. Kh2 Rd1 48. Bxf3 Rxd4 49. Bxh5 Rxd5 50. Bf3 Rd2 51. b3 Rxf2+ 52. Kg3 Rxa2 53. Bxb7 Rd2 54. Be4 Kg7 55. h4 Kf6 56. Kf4 Rd4 57. h5 Rb4 58. h6 Rxb3 59. Bf5 a5 60. h7 Kg7 61. Be6 a4 62. Ke4 Rb2 63. Kd4 0-1

[Event "IECC KO email"]
[Site "IECC email"]
[Date "2003.05.12"]
[Round "?"]
[White "Sanchez Redondo, Jaime"]
[Black "Melo, Olavo"]
[Result "1/2-1/2"]
[WhiteElo "1463"]
[BlackElo "1280"]
[PlyCount "41"]
[EventDate "2003.??.??"]
[EventType "tourn (corr)"]
[EventRounds "6"]
[SourceTitle "Corr 2008"]
[Source "ChessBase"]
[SourceDate "2008.06.24"]
[SourceVersion "1"]
[SourceVersionDate "2008.06.24"]
[SourceQuality "1"]

1. e4 Nf6 2. e5 Nd5 3. d4 d6 4. Nf3 g6 5. Bc4 c6 6. 0-0 Bg7 7. Re1 Bg4 8. exd6 Qxd6 9. h3 Bxf3 10. Qxf3 0-0 11. Nc3 e6 12. Ne4 Qb4 13. Nd2 Nd7 14. c3 Qa5 15. Bd3 e5 16. Nb3 Qc7 17. Bg5 exd4 18. Nxd4 Ne5 19. Qe4 Nxd3 20. Qxd3 Rfe8 21. Re4 1/2-1/2

[Event "IECC Swiss email"]
[Site "IECC email"]
[Date "2003.01.04"]
[Round "?"]
[White "Costa, Paulo Cesar"]
[Black "Melo, Olavo"]
[Result "1-0"]
[WhiteElo "2025"]
[BlackElo "1280"]
[PlyCount "55"]
[EventDate "2003.??.??"]
[EventType "tourn (corr)"]
[EventRounds "6"]
[SourceTitle "Corr 2008"]
[Source "ChessBase"]
[SourceDate "2008.06.24"]
[SourceVersion "1"]
[SourceVersionDate "2008.06.24"]
[SourceQuality "1"]

1. d4 d5 2. c4 e6 3. Nc3 Nf6 4. Bg5 Be7 5. e3 0-0 6. Nf3 Nbd7 7. Bd3 dxc4 8. Bxc4 c5 9. 0-0 a6 10. a4 cxd4 11. exd4 Nb6 12. Bb3 Nbd5 13. Re1 h6 14. Nxd5 Nxd5 15. Bxe7 Nxe7 16. Qd3 Nd5 17. Rac1 Bd7 18. Bc2 Nf6 19. Ne5 h5 20. b4 Bc6 21. Nxc6 bxc6 22. Re5 g6 23. Rc5 Nd5 24. Qc4 Nb6 25. Qb3 Qxd4 26. Rd1 Qf6 27. Rxc6 Nd5 28. Rxd5 1-0

[Event "IECC M email"]
[Site "IECC email"]
[Date "2002.06.14"]
[Round "?"]
[White "Melo, Olavo"]
[Black "Agnew, George Hartwell"]
[Result "1-0"]
[WhiteElo "1179"]
[BlackElo "1074"]
[PlyCount "39"]
[EventDate "2002.??.??"]
[EventType "tourn (corr)"]
[EventRounds "6"]
[SourceTitle "Corr 2008"]
[Source "ChessBase"]
[SourceDate "2008.06.24"]
[SourceVersion "1"]
[SourceVersionDate "2008.06.24"]
[SourceQuality "1"]

1. e4 e5 2. Nf3 Nf6 3. d4 exd4 4. e5 Nd5 5. Qxd4 c6 6. Bc4 Nc7 7. Bf4 Ne6 8. Qd2 b5 9. Bb3 Bc5 10. Bg3 0-0 11. Nc3 Na6 12. Ne4 Nb4 13. Nxc5 a5 14. Nxe6 fxe6 15. c3 Nd5 16. Bc2 h6 17. Qd3 Rf7 18. Qh7+ Kf8 19. Bg6 Ba6 20. Bh4 1-0

[Event "IECC KO email"]
[Site "IECC email"]
[Date "2002.01.29"]
[Round "?"]
[White "Melo, Olavo"]
[Black "Agnew, George Hartwell"]
[Result "1-0"]
[WhiteElo "1091"]
[BlackElo "1158"]
[PlyCount "50"]
[EventDate "2002.??.??"]
[EventType "tourn (corr)"]
[EventRounds "6"]
[SourceTitle "Corr 2008"]
[Source "ChessBase"]
[SourceDate "2008.06.24"]
[SourceVersion "1"]
[SourceVersionDate "2008.06.24"]
[SourceQuality "1"]

1. e4 e5 2. Nf3 Nc6 3. d4 exd4 4. Nxd4 Nge7 5. Bc4 a6 6. 0-0 b5 7. Bb3 Bb7 8. Nc3 Nxd4 9. Qxd4 Nc6 10. Qd5 Qe7 11. Bf4 d6 12. Rfe1 Nd8 13. Qh5 Ne6 14. Nd5 Qd7 15. Rad1 0-0-0 16. Bg3 g6 17. Qf3 Bg7 18. e5 Bxd5 19. Bxd5 Ng5 20. Qe3 Qf5 21. Qa7 Bxe5 22. Bxe5 f6 23. Qb7+ Kd7 24. Bc6+ Ke7 25. Bxd6+ Kf7 1-0

[Event "IECC CL7-2002.01"]
[Site "IECC email"]
[Date "2002.01.08"]
[Round "?"]
[White "Melo, Olavo"]
[Black "Bottoni, Carlo"]
[Result "1-0"]
[WhiteElo "1153"]
[BlackElo "1097"]
[PlyCount "90"]
[EventDate "2002.??.??"]
[EventType "tourn (corr)"]
[EventRounds "4"]
[SourceTitle "Corr 2008"]
[Source "ChessBase"]
[SourceDate "2008.06.24"]
[SourceVersion "1"]
[SourceVersionDate "2008.06.24"]
[SourceQuality "1"]

1. e4 e5 2. Nf3 Nc6 3. d4 exd4 4. Nxd4 Bc5 5. Nxc6 dxc6 6. Qxd8+ Kxd8 7. Bc4 f5 8. Bg5+ Ke8 9. Nd2 fxe4 10. Nxe4 Bb6 11. 0-0-0 Bf5 12. Rhe1 Kf8 13. Rd3 Bg4 14. h3 Bh5 15. g4 Bxf2 16. Nxf2 Bf7 17. Rf3 Nf6 18. Bxf6 Bxc4 19. Bd8+ Bf7 20. Be7+ Kg8 21. Bb4 Bxa2 22. b3 Rc8 23. Kb2 Bxb3 24. Kxb3 c5 25. Bxc5 b6 26. Rfe3 bxc5 27. Re8+ Kf7 28. R1e7+ Kg6 29. Rxh8 Rxh8 30. Nd3 Rc8 31. Nxc5 Kf6 32. Rd7 h6 33. Na6 c6 34. Rxa7 Re8 35. Rd7 Re7 36. Rxe7 Kxe7 37. Kc4 Kf6 38. Kc5 Kg5 39. Kxc6 Kh4 40. c4 Kxh3 41. c5 Kxg4 42. Kd6 h5 43. c6 h4 44. c7 h3 45. c8Q+ Kg3 1-0